000 00223nam a22000857a 4500
008 161028b xxu||||| |||| 00| 0 eng d
100 _9972
_aDoyle.S.A.
245 _aSherlock Holmes
260 _aLondon
_bThree Ess Publications
_c2006
999 _c3631
_d3631